Statistics for Blackbear Songs Quiz

Click here to take the quiz!

General Stats

  • This quiz has been taken 672 times
    (222 since last reset)
  • The average score is 47 of 114

Answer Stats

Album/EPAnswer% Correct
Dead | DeadrosesIdfc
82%
DeadrosesDeadroses
71%
everything means nothinghot girl bummer
69%
digital druglorddo re mi
68%
digital druglordchateau
65%
Dead | DeadrosesDirty Laundry
63%
Dead | Deadroses4u
57%
everything means nothingi feel 2 much
56%
everything means nothingqueen of broken hearts
56%
Dead90210
55%
Deadroses90210 (feat. G-Eazy)
55%
HelpHelp (feat. Maejor)
55%
everything means nothingsobbing in cabo
55%
everything means nothingclown (with Trevor Daniel)
54%
digital druglordmoodz (feat. 24hrs)
54%
everything means nothingi feel bad
52%
digital druglordi miss the old u
52%
everything means nothingme & ur ghost
52%
ANONYMOUSDOWN
51%
everything means nothingi felt that
50%
digital druglordmake daddy proud
50%
misery lake@ my worst
50%
digital druglordjuicy sweatsuits (feat. Juicy J)
49%
digital druglorddouble
48%
cybersexgucci linen (feat. 2 Chainz)
48%
ANONYMOUSNYLA
48%
everything means nothingif i were u (with Lauv)
46%
everything means nothingsmile again
46%
digital druglordwish u the best
46%
everything means nothingwhy are girls?
45%
cybersexanxiety (with FRND)
44%
ANONYMOUSDEAD BALLOONS
44%
cybersexe.z. (feat. Machine Gun Kelly)
44%
ANONYMOUSHIGH1X
44%
ANONYMOUSPINK ROLEX
44%
cybersexplayboy shit (feat. lil aaron)
44%
ANONYMOUSDEAD TO ME
43%
in loving memorygfy (with Machine Gun Kelly)
43%
everything means nothinghalf alive
43%
digital druglordhell is where i dreamt of u and woke up alone
43%
HelpParagraphs
43%
misery lakeu love u (with Tate McRae)
43%
The AfterglowHotel Andrea
40%
digital druglordif i could i would feel nothing
40%
misery lakeimu (ft. Travis Barker)
40%
ANONYMOUSSWEAR TO GOD
40%
ANONYMOUS1 SIDED LOVE
39%
DeadrosesAin't Love
39%
DeadrosesAin't Trippin
39%
cybersexcandayapple (feat. Paul Wall & RiFF RAFF)
39%
ANONYMOUSDRUG DEALER
39%
in loving memoryhazel inside
39%
DeadrosesWaste Away (feat. Devon Baldwin)
39%
cybersexbright pink tims (feat. Cam'ron)
38%
ANONYMOUSBURNT AF
38%
cybersexdown 4 u (feat. T-Pain)
38%
ANONYMOUSHATE MY GUTS
38%
ANONYMOUSHEARTBROKEN
38%
Cashmere Noose (Deluxe)Wanderlust
38%
DeadWeak When Ur Around
38%
misery lakealone in a room full of people
37%
HelpDon't Stop
37%
cybersexsanta monica & la brea
37%
HelpVerbatim
37%
HelpWhere Was U?
37%
in loving memoryi dont love me
36%
DeadrosesI Needed You
36%
The AfterglowN.Y.E.
36%
in loving memorydead inside
35%
Drink BleachShake Ya Ass (feat. P-Lo)
35%
ANONYMOUSTOO CLOSE
35%
The AfterglowValley Girls
35%
The AfterglowCaliformula
33%
HelpDifferent Hos
33%
misery lakeghost town (ft. Sasha Alex Sloan)
33%
Drink BleachGirls Like You
33%
HelpHustler
33%
DeadrosesMy Heart Is Lost
33%
Cashmere Noose (Deluxe)Rly Real
33%
misery lakebad day
32%
in loving memoryfuilu
32%
ANONYMOUSITS ALL GONNA BURN
32%
HelpOh Lord
32%
ANONYMOUSSICK OF IT ALL
32%
Cashmere Noose (Deluxe)Sniffing Vicodin in Paris
32%
in loving memorythe idea
32%
cybersexthursday/froze over - "interlude"
32%
cybersexi hope your whole life sux
31%
ANONYMOUSLOSING YOU
31%
HelpNervous
31%
in loving memorynothing matters (with Jordan Pundik of New Found Glory)
31%
The AfterglowThe Lobby
31%
in loving memorytoxic energy (with Bert McCracken of The Used)
31%
Cashmere Noose (Deluxe)Flirt Right Back
30%
cybersexglo_up (feat. Rick Ross)
30%
ANONYMOUSMAKE A MESS
30%
Drink BleachObvious (feat. Mike Posner)
30%
HelpSlide Thru (feat. Jerry Good)
30%
Cashmere Noose (Deluxe)Sometimes I Want 2 Die
30%
cybersexup in this (with Tinashe)
30%
ANONYMOUSCHANGES
29%
cybersexg2g ttyl (feat. THEY.)
29%
in loving memorypoltergeist (with Bayside)
29%
cybersextop priority (with Ne-Yo)
29%
in loving memorypainkiller
27%
Drink BleachSomething Real
27%
in loving memoryback in rehab
25%
The AfterglowGrey L.A.
25%
Drink BleachSuckerz
25%
in loving memorybroken world
24%
Cashmere Noose (Deluxe)My Bad Luv
21%

Score Distribution

Percentile by Number Answered

Percent of People with Each Score

Your Score History

You have not taken this quiz since the last reset